| 000 | 00000cam 2200000zi 4500 |
| 001 | 9.961856 |
| 003 | CaOODSP |
| 005 | 20260604134407 |
| 006 | m o d f |
| 007 | cr cn |||||||| |
| 008 | 260413t20262026onc o f000 0 fre d |
| 020 | |a9780660995144 |
| 040 | |aCaOODSP|bfre|erda|cCaOODSP |
| 043 | |an-cn--- |
| 086 | 1 |aBT22-130/2026F-PDF |
| 245 | 00|aPlan d'action national du Canada pour un gouvernement ouvert 2025-2029. |
| 264 | 1|a[Otawa] : |bSecrétariat du Conseil du trésor du Canada = Treasury Board of Canada Secretariat, |c2026. |
| 264 | 1|c©2026 |
| 300 | |a1 ressource en ligne (65 pages non numérotées) |
| 336 | |atexte|btxt|2rdacontent/fre |
| 337 | |ainformatique|bc|2rdamedia/fre |
| 338 | |aressource en ligne|bcr|2rdacarrier/fre |
| 500 | |aPublié aussi en anglais sous le titre : Canada's national action plan on open government 2025-2029. |
| 500 | |a« Publié : le 2026-03-23. » |
| 650 | 6|aGouvernement ouvert|zCanada. |
| 650 | 6|aInformation sur l'État|zCanada. |
| 710 | 1 |aCanada. |bConseil du trésor, |eorganisme de publication. |
| 775 | 08|tCanada's national action plan on open government 2025-2029.|w(CaOODSP)9.961857 |
| 795 | |tPlan d'action national du Canada pour un gouvernement ouvert 2022-2024.|w(CaOODSP)9.911761 |
| 856 | 40|qPDF|s507 Ko|uhttps://publications.gc.ca/collections/collection_2026/sct-tbs/BT22-130-2026-fra.pdf |
| 856 | 4 |qHTML|sS.O.|uhttps://www.canada.ca/fr/gouvernement/systeme/rapports-pangouvernementaux-depenses-activites/confiance-transparence/a-propos-gouvernement-ouvert/plan-action-national-gouvernement-ouvert/plan-action-national-canada-gouvernement-ouvert-2025-2029.html |